Sapho [ (Record no. 168829)

MARC details
000 -LEADER
campo de control de longitud fija 00962nam a22002415i 4500
001 - NÚMERO DE CONTROL
campo de control 168829
003 - IDENTIFICADOR DE NÚMERO DE CONTROL
campo de control ES-MaACL
005 - FECHA Y HORA DE LA ÚLTIMA TRANSACCIÓN
campo de control 20250915230736.0
008 - DATOS DE LONGITUD FIJA--INFORMACIÓN GENERAL
campo de control de longitud fija 080612s1898 fr |||| | fre d
080 ## - NÚMERO DE LA CLASIFICACIÓN DECIMAL UNIVERSAL
Número de la Clasificación Decimal Universal 782.089.6
100 1# - ENTRADA PRINCIPAL--NOMBRE DE PERSONA
Nombre de persona Massenet, Jules,
Fechas asociadas al nombre 1842-1912
9 (RLIN) 240595
240 10 - TÍTULO UNIFORME
Título uniforme Sapho.
Medio Partitura de coro
245 10 - MENCIÓN DEL TÍTULO
Título Sapho [
Medio música impresa]
Resto del título : pièce lyrique en 5 actes, d'après le roman d'Alphonse Daudet /
Mención de responsabilidad, etc. poème de Henri Cain et Bernède ; musique de J. Massenet.
260 ## - PUBLICACIÓN, DISTRIBUCIÓN, ETC.
Lugar de publicación, distribución, etc. Paris :
Nombre del editor, distribuidor, etc. Menestrel,
Fecha de publicación, distribución, etc. [1898]
300 ## - DESCRIPCIÓN FÍSICA
Extensión 1 partitura de coro (127 p.) ;
Dimensiones 20 cm.
650 14 - PUNTO DE ACCESO ADICIONAL DE MATERIA--TÉRMINO DE MATERIA
Término de materia o nombre geográfico como elemento de entrada Óperas-
Subdivisión general Partituras de coro.
9 (RLIN) 137579
700 1# - ENTRADA AGREGADA--NOMBRE PERSONAL
Nombre de persona Daudet, Alphonse,
Fechas asociadas al nombre 1840-1897
9 (RLIN) 42799
700 1# - ENTRADA AGREGADA--NOMBRE PERSONAL
Nombre de persona Cain, Henri.
9 (RLIN) 137954
700 1# - ENTRADA AGREGADA--NOMBRE PERSONAL
Nombre de persona Bernède, Arthur.
9 (RLIN) 137956
852 1# - LOCALIZACIÓN
Ubicación BA
Número de control de estantería E-12055
itemnumber R.139976
Nota libre Biblioteca Jacinto Martínez Lacalle
852 4# - LOCALIZACIÓN
Ubicación ES-MaACL
Número de control de estantería B-6442
itemnumber R.139974
Nota libre Biblioteca Jacinto Martínez Lacalle
Holdings
Estatus retirado Estado de pérdida Fuente del sistema de clasificación o colocación Estado de daño No para préstamo Colección Biblioteca de origen Biblioteca actual Ubicación en estantería Fecha de adquisición Total de préstamos Signatura topográfica completa Código de barras Visto por última vez Precio de reemplazo Tipo de ítem Koha
    Clasificación decimal universal     Libros del s. XIX Biblioteca del Ateneo de Madrid Biblioteca del Ateneo de Madrid Depósito 2 12/06/2008   E-12055 1177175 23/02/2023 23/02/2023 Partitura
    Clasificación decimal universal     Libros del s. XIX Biblioteca del Ateneo de Madrid Biblioteca del Ateneo de Madrid Sala Pardo Bazán 13/06/2008   B-6442 1177193 23/02/2023 23/02/2023 Partitura